NBA Most Wins in a Season Progression - Statistics

General Stats
  • This quiz has been taken 36 times
  • The average score is 8 of 11
Answer Stats
Season Team Record % Correct
2015-2016 Golden State Warriors 73-9
100%
1995-1996 Chicago Bulls 72-10
97%
1971-1972 Los Angeles Lakers 69-13
97%
1964-1965 Boston Celtics 62-18
81%
1961-1962 Boston Celtics 60-20
74%
1959-1960 Boston Celtics 59-16
74%
1958-1959 Boston Celtics 52-20
74%
1966-1967 Philadelphia 76ers 68-14
68%
1949-1950 Minneapolis Lakers 51-17
61%
1949-1950 Syracuse Nationals 51-13
35%
1946-1947 Washington Capitols 49-11
13%
No matching quizzes found
Score Distribution
Percent of People with Each Score
Percentile by Number Answered
Your Score History
You have not taken this quiz